Grasslands and grassland sciences in northern China (Record no. 63735)
[ view plain ]
| 000 -LEADER | |
|---|---|
| fixed length control field | 01510nam a2200361 a 4500 |
| 082 04 - DEWEY DECIMAL CLASSIFICATION NUMBER | |
| Classification number | 333.74/0951/1 |
| 245 00 - TITLE STATEMENT | |
| Title | Grasslands and grassland sciences in northern China |
| 260 ## - PUBLICATION, DISTRIBUTION, ETC. (IMPRINT) | |
| Place of publication | Washington, D.C. : |
| Name of publisher | National Academy Press, |
| Year of publication | 1992. |
| 300 ## - PHYSICAL DESCRIPTION | |
| Number of Pages | xv, 214 p. : |
| Other physical details | ill., maps. |
| 500 ## - GENERAL NOTE | |
| General note | "S-525"--T.p. verso. |
| 650 #0 - SUBJECT ADDED ENTRY--TOPICAL TERM | |
| Topical Term | Rangelands |
| Topical Term | Grasslands |
| Topical Term | Range management |
| Topical Term | Range ecology |
| Topical Term | Grassland ecology |
| Topical Term | Rangelands |
| Topical Term | Grasslands |
| 856 40 - ELECTRONIC LOCATION AND ACCESS | |
| Uniform Resource Identifier | http://site.ebrary.com/lib/rucke/Doc?id=10055076 |
No items available.
